LEADER 00829nam0-22002891i-450- 001 990006473070403321 005 20001010 035 $a000647307 035 $aFED01000647307 035 $a(Aleph)000647307FED01 035 $a000647307 100 $a20001010d--------km-y0itay50------ba 101 0 $aita 105 $ay-------001yy 200 1 $aCONSTITUTIONAL Change in South Africa$eproceedings of a Conference on.$fEdited by John Benyon 210 $aPietermaritzburg$cUniversity of Natal Press$d1978. 215 $aXXVI, 296 p.$d22 cm 676 $a968 702 1$aBenyon,$bJohn 801 0$aIT$bUNINA$gRICA$2UNIMARC 901 $aBK 912 $a990006473070403321 952 $aXIV E 1664$b17011$fFSPBC 959 $aFSPBC 996 $aCONSTITUTIONAL Change in South Africa$9651838 997 $aUNINA DB $aGEN01 LEADER 01095nam0-22003731i-450- 001 990003987550403321 005 20090807103342.0 010 $a88-400-0718-0 035 $a000398755 035 $aFED01000398755 035 $a(Aleph)000398755FED01 035 $a000398755 100 $a20031215d2001----km-y0itay50------ba 101 0 $aita 102 $aIT 105 $aa---a---001yy 200 1 $aChimica dell'atmosfera e dell'inquinamento atmosferico$fGiambattista Restelli, Gianmaria Zanderighi 210 $aMilano$cUnicopli$dc2001 215 $axii, 344 p.$cill.$d24 cm 610 0 $aChimica dell'atmosfera 610 0 $aInquinamento 610 0 $aAtmosfera 610 0 $aInquinanti 676 $a363.738 700 1$aRestelli,$bGianbattista$0383756 701 1$aZanderighi,$bGianmaria$0150565 801 0$aIT$bUNINA$gRICA$2UNIMARC 901 $aBK 912 $a990003987550403321 952 $a363.738-RES-1$b2523$fSC1 952 $a363.738-RES-1A$b2685$fSC1 959 $aSC1 996 $aChimica dell'atmosfera e dell'inquinamento atmosferico$9474032 997 $aUNINA